| 000 | 00493nam a2200181 a 4500 | ||
|---|---|---|---|
| 005 | 20140412111308.0 | ||
| 008 | 010502s19uu xx 00 eng d | ||
| 020 | _a0-02-778026-0 | ||
| 050 |
_aTR(PS E _bEv7To 1993 |
||
| 100 | _aRylant, Cynthia | ||
| 245 |
_aEveryday town / _cCynthia Rylant. |
||
| 260 |
_aNew York : _bBradbury Press, _c1993. |
||
| 300 | _a1v. (unp.) ; ill. | ||
| 440 | _aThe Everyday Books | ||
| 650 | _aChildren's stories | ||
| 650 | _aTowns-Stories | ||
| 999 |
_c103803 _d103803 |
||